Gender Sensitive Qualitative Data: Sample Collection Instrument for African Universities (Record no. 4154)
[ view plain ]
| 000 -LEADER | |
|---|---|
| fixed length control field | 00330nam a22001217a 4500 |
| 003 - CONTROL NUMBER IDENTIFIER | |
| control field | OSt |
| 005 - DATE AND TIME OF LATEST TRANSACTION | |
| control field | 20260211094341.0 |
| 008 - FIXED-LENGTH DATA ELEMENTS--GENERAL INFORMATION | |
| fixed length control field | 260211b |||||||| |||| 00| 0 eng d |
| 040 ## - CATALOGING SOURCE | |
| Transcribing agency | FAWE |
| 082 ## - DEWEY DECIMAL CLASSIFICATION NUMBER | |
| Classification number | 300.72 |
| Item number | MBO |
| 245 ## - TITLE STATEMENT | |
| Title | Gender Sensitive Qualitative Data: Sample Collection Instrument for African Universities |
| 942 ## - ADDED ENTRY ELEMENTS (KOHA) | |
| Source of classification or shelving scheme | Dewey Decimal Classification |
| Koha item type | Books |
| Withdrawn status | Lost status | Source of classification or shelving scheme | Damaged status | Not for loan | Home library | Current library | Date acquired | Total Checkouts | Full call number | Barcode | Date last seen | Price effective from | Koha item type |
|---|---|---|---|---|---|---|---|---|---|---|---|---|---|
| Dewey Decimal Classification | Continental House Library | Continental House Library | 02/11/2026 | 300.72 MBO | 2025/0217 | 02/11/2026 | 02/11/2026 | Books |
